Statistics for Most Visited Museums in the UK

Click here to take the quiz!

General Stats

  • This quiz has been taken 62 times
  • The average score is 6 of 15

Answer Stats

#Museum% Correct
5.9 m{British} Museum
95%
5.6 mTate Modern
84%
3.7 m{Victoria and Albert} Museum
77%
4.4 m{Natural History} Museum
73%
3.2 m{Science} Museum
64%
5.2 mNational Gallery
55%
1.7 mTate Britain
46%
1.2 m{National Portrait} Gallery
41%
0.9 m{Imperial War} Museum
39%
2.1 mNational Museum of Scotland
7%
1.6 mScottish National Gallery
7%
1 mNational Museum of the Royal Navy
4%
1.3 m{Kelvingrove Art} Gallery & Museum
2%
1.3 m{Riverside} Museum
2%
2.6 mRoyal Museums Greenwich
2%

Score Distribution

Percentile by Number Answered

Percent of People with Each Score

Your Score History

You have not taken this quiz